Filosofía de la vida : (Record no. 88635)

MARC details
000 -CABECERA
campo de control de longitud fija 00625nam a2200217 a 4500
005 - FECHA Y HORA DE LA ÚLTIMA TRANSACCIÓN
campo de control 20240910064202.0
008 - ELEMENTOS DE LONGITUD FIJA--INFORMACIÓN GENERAL
campo de control de longitud fija 020122s1995 r 000 0 eng d
020 ## - NÚMERO INTERNACIONAL NORMALIZADO PARA LIBROS
Número Internacional Estándar del Libro 848160261
035 ## - NÚMERO DE CONTROL DEL SISTEMA
Número de control de sistema UPN01000114888
049 ## - COLECCIÓN
Colección CG
050 #4 - SIGNATURA TOPOGRÁFICA DE LA BIBLIOTECA DEL CONGRESO
Número de clasificación BD450
Número de documento/Ítem G3.4
100 1# - ASIENTO PRINCIPAL--NOMBRE PERSONAL
Nombre de persona García Martín, Gabriel
245 10 - MENCIÓN DE TÍTULO
Título Filosofía de la vida :
Resto del título competitividad y solidaridad humanas /
Mención de responsabilidad, etc. Gabriel García Martín.
260 ## - PUBLICACIÓN, DISTRIBUCIÓN, ETC.
Lugar de publicación, distribución, etc. Málaga, Esp. :
Nombre del editor, distribuidor, etc. Agora,
Fecha de publicación, distribución, etc. 1995.
300 ## - DESCRIPCIÓN FÍSICA
Extensión 212 p.
440 #0 - MENCIÓN DE SERIE/ASIENTO SECUNDARIO--TÍTULO
Título Universidad
650 #4 - ASIENTO SECUNDARIO DE MATERIA - TERMINO TEMATICO
Término de materia o nombre geográfico como elemento de entrada Antropología filosófica
9 (RLIN) 4784
650 #7 - ASIENTO SECUNDARIO DE MATERIA - TERMINO TEMATICO
Término de materia o nombre geográfico como elemento de entrada Ontología
Fuente del encabezamiento o término
9 (RLIN) 13636
650 #4 - ASIENTO SECUNDARIO DE MATERIA - TERMINO TEMATICO
Término de materia o nombre geográfico como elemento de entrada Filosofía
9 (RLIN) 5327
905 ## - TIPO DE MATERIAL
Tipo de material Libro
Holdings
Estado de retiro Estado de pérdida Fuente del sistema de clasificación o colocación Estado dañado No para préstamo Código de colección Localización permanente Ubicación/localización actual Ubicación en estantería Total de préstamos Clasificación Código de barras Fecha visto por última vez Número de copia Tipo de ítem Koha
    Library of Congress Classification     Colección General Bib. Gregorio Torres Quintero Bib. Gregorio Torres Quintero Planta baja 3 BD450 G3.4 187258 31/12/2020 1 Libro